[Event "Yingmei CHN-chT 2018"]
[Site "Jiaxing"]
[Date "2018.07.11"]
[Round "9"]
[White "Jakovenko, Dmitry"]
[Black "Wang, Yiye"]
[Result "1-0"]
[WhiteElo "2749"]
[BlackElo "2431"]
[Annotator "TA"]
[PlyCount "79"]
[EventDate "2018.07.09"]
[EventType "team-tourn"]
[EventCountry "CHN"]
[SourceTitle "playchess.com"]
[Source "ChessBase"]
[SourceQuality "1"]

{[%evp 21,79,-11,15,0,19,0,45,0,7,0,17,-27,0,-37,-27,-71,-59,-56,-13,-12,0,0,0,0,0,0,31,0,31,37,166,-44,0,-22,-37,-94,-96,-91,-97,-60,0,-80,-95,-109,0,-15,15,20,159,141,160,151,500,490,471,498,489,492,484,477]} 1. e4 e6 2. d4 d5 3. Nc3 Bb4 4. e5 c5 5. a3 Bxc3+ 6. bxc3 Ne7 7. a4 Qc7 8. Nf3 b6 9. Bb5+ Bd7 10. Be2 Nbc6 11. O-O O-O {LiveBook: 3 Games} 12. h4 $146 {C19: French: 3 Nc3 Bb4: Main line: 7 Nf3 and 7 a4} ({Predecessor:} 12. Nh4 Ng6 13. Nxg6 fxg6 14. Bg5 Rf7 15. Qd2 Rc8 16. h4 h6 17. Be3 Ne7 18. Bd3 Nf5 19. g3 Be8 {0-1 (61) Ivanovic,B (2436)-Drasko,M (2508) Cetinje 2008}) 12... f6 13. exf6 Rxf6 14. dxc5 {White is slightly better.} (14. a5 $5) 14... bxc5 15. c4 h6 16. Ra3 Raf8 17. cxd5 exd5 18. Bb2 Rf4 $1 19. Rc3 Qa5 20. Rb3 Qc7 21. Ba3 Nd4 22. Rc3 $1 Ne6 $36 {[%mdl 2048] Black is pushing.} 23. Re1 $1 d4 24. Rb3 {Threatens to win with Bc4.} Kh8 (24... Bxa4 $2 25. Bc4 $18) 25. Bc4 R8f6 (25... R4f6 $1 $14) 26. Qb1 $2 (26. Bc1 $1 $18 {[%cal Rc1f4]} Ng6 27. Bxf4 Nexf4 28. h5 Nxh5 29. Qb1) 26... Nc6 27. Bc1 {Rb7 is the strong threat.} Rg4 28. Bd2 ({White should try} 28. Rb7 $15 Qd6 29. Rb3) 28... Nf4 $17 29. Bxf4 Qxf4 30. Bd5 Rfg6 (30... Nb4 $15 31. Rxb4 cxb4 32. Qxb4 d3 33. Qxf4 Rgxf4 34. cxd3 Rxa4) 31. Nh2 (31. Ne5 $1 $11 Rxg2+ 32. Bxg2 Nxe5 33. Rg3 $1 {[%mdl 512]}) 31... Rxh4 32. Nf1 Rh5 (32... Qd6 $17 33. Bf3 Nb4) 33. c4 Rf6 {[%csl Gf6][%cal Rf4f2]} 34. Rf3 $1 {[%cal Rf3f4]} Qd6 (34... Qh4 $11 35. Ng3 Rxd5 36. Rxf6 (36. cxd5 Nb4 $16) 36... Qxf6 37. cxd5 Nb4) 35. Rxf6 $16 Qxf6 {[#]} (35... gxf6 $2 {too greedy.} 36. Qg6 $18) 36. Qb7 $1 {[%cal Rb7d7]} Qd6 $2 ({Don't blunder} 36... Qh4 $2 37. Ng3 $18) (36... Re5 $16 {is a better chance.} 37. Rxe5 Nxe5) 37. Qa8+ $18 {White is clearly winning.} Qb8 38. Bxc6 Qxa8 39. Bxa8 Bxa4 40. Nd2 {Precision: White = 44%, Black = 24%.} 1-0

[Event "Yingmei CHN-chT 2018"]
[Site "Jiaxing"]
[Date "2018.07.11"]
[Round "9"]
[White "Harikrishna, P."]
[Black "Zhou, Weiqi"]
[Result "1-0"]
[WhiteElo "2727"]
[BlackElo "2595"]
[Annotator "TA"]
[PlyCount "145"]
[EventDate "2018.07.09"]
[EventType "team-tourn"]
[EventCountry "CHN"]
[SourceTitle "playchess.com"]
[Source "ChessBase"]
[SourceQuality "1"]

{[%evp 18,145,27,26,30,8,24,10,65,75,81,72,210,5,37,0,25,29,55,0,10,-26,-27,-15,-25,-20,0,-45,-37,-70,-67,-99,-75,-73,-68,-72,-70,-103,-97,-98,-92,-110,-92,-134,-93,-93,-83,-83,-83,-82,-79,-84,-79,-62,0,0,0,0,0,0,0,0,0,0,0,0,0,0,8,8,15,18,72,52,91,56,91,91,91,91,91,91,91,91,91,89,91,91,91,91,91,91,55,55,1120,1053,1085,91,91,269,1104,918,922,429,1130,949,2096,2056,1831,1731,1576,1050,5081,4668,1516,55,55,55,1633,1535,985,433,423,423,401,394,29981,29982,29982,29983]} 1. e4 e6 2. d4 d5 3. Nd2 Be7 4. e5 c5 5. c3 Nc6 6. Bd3 {C03: Französische Verteidigung (Tarrasch-Variante)} cxd4 7. cxd4 Qb6 8. Ndf3 Bd7 9. Ne2 Nb4 10. Bb1 {LiveBook: 21 Partien} Bb5 11. O-O Qa6 12. Re1 Bd3 (12... Nd3 $11 13. Bxd3 Bxd3) 13. Bd2 $14 Bxb1 14. Rxb1 Qxa2 {[#]} (14... h5 $16) 15. Nf4 $146 ({Weiss braucht} 15. Bxb4 $1 $18 Bxb4 16. Ra1 (16. Nc3 Bxc3 17. bxc3 b6 $11)) ({Vorgänger:} 15. Bxb4 Bxb4 {½-½ (102) Ter Sahakyan,S (2599)-Hayrapetyan,A (2258) Yerevan 2016}) 15... Qa6 16. Nh5 {[%mdl 1024] Weiss hat Kompensation.} Kf8 (16... g6 $5 {[%cal Rg6h5]} 17. Nf4 Nc6 $14) 17. Re3 Qb6 18. Rc1 (18. Bxb4 $14 Bxb4 19. Rc1) 18... Nc6 19. Qa4 a6 20. h3 g6 21. Rb3 Qa7 22. Nf4 Kg7 23. Ba5 b5 24. Qa2 Nxa5 25. Qxa5 Bd8 $1 {[%cal Rd8a5]} 26. Qb4 Ne7 27. g4 Rc8 28. Rxc8 Nxc8 29. Rc3 Qe7 30. Qb3 Qd7 31. Nd3 Nb6 32. Nc5 Qa7 33. Qa2 Be7 34. Qxa6 Qxa6 35. Nxa6 Ra8 (35... Nc4 $15) 36. Nc7 $11 b4 37. Rc6 Rc8 38. Nxe6+ fxe6 39. Rxb6 {[%mdl 4096] Endspiel KTL-KTS} Kf7 40. Rb7 {Und weiter mit Sg5+ wäre nett.} Ke8 41. h4 Rc2 42. Rb8+ Kf7 43. g5 Rxb2 44. Nh2 {Schwarz sollte Sg4 verhindern.} b3 (44... Rd2 $11 {bleibt in der Remisbreite.}) 45. Ng4 {jetzt Sh6+ und aus.} Ba3 46. Nf6 Rb1+ 47. Kg2 b2 {Weiss muss nun ...Tc1 beachten.} 48. Rb7+ Be7 49. Nxh7 Rd1 50. Rxb2 Rxd4 {[#]} 51. Kg3 $1 Rb4 52. Rxb4 Bxb4 $16 {KL-KS} 53. Nf6 Be1 54. Kf3 Bc3 55. Ng4 Ke7 $2 {[%mdl 8192]} (55... Bd2 $14) 56. Ke3 $18 Kf7 57. Kd3 $2 (57. f4 $18 {ist viel giftiger.} Ba5 58. Ke2) 57... Be1 58. Ke2 Bc3 59. f4 Bb2 60. Nf2 Kg7 (60... Bc1 $142 61. Nd3 Ba3) 61. Nd3 Bd4 62. Kf3 Bb6 63. Kg4 Bd4 64. h5 gxh5+ 65. Kxh5 Be3 66. Kg4 $2 (66. g6 $18 Bd4 67. Kg5) 66... Kg6 $14 67. Ne1 Bf2 $2 {[%mdl 8192] [#]} (67... Bg1 $14) 68. Ng2 $1 $18 Bd4 69. Nh4+ Kg7 70. f5 {[%cal Bf4f5,Bf5e6,Be6e7][%mdl 32]} Bxe5 71. fxe6 {zielt auf Kh5 ab.} d4 $2 (71... Bc7 $18 72. Nf5+ Kf8) 72. Nf3 d3 73. e7 {Precision: Weiß = 70%, Schwarz = 45%.} 1-0

[Event "Yingmei CHN-chT 2018"]
[Site "Jiaxing"]
[Date "2018.07.11"]
[Round "9"]
[White "Vidit, Santosh Gujrathi"]
[Black "Liu, Qingnan"]
[Result "1-0"]
[WhiteElo "2718"]
[BlackElo "2539"]
[Annotator "TA"]
[PlyCount "139"]
[EventDate "2018.07.09"]
[EventType "team-tourn"]
[EventCountry "CHN"]
[SourceTitle "playchess.com"]
[Source "ChessBase"]
[SourceQuality "1"]

{[%evp 24,139,66,67,60,54,86,15,25,13,17,0,0,3,3,0,15,25,21,-9,34,35,52,64,72,55,144,115,148,108,108,100,152,160,173,157,173,178,180,77,123,108,114,107,111,75,385,393,746,725,702,707,701,685,740,706,734,724,716,684,818,815,743,704,818,783,917,908,879,721,1203,1290,1801,1153,1241,0,1397,1164,1114,687,975,963,954,925,931,913,906,768,761,0,760,743,1052,1006,1060,0,0,0,1031,716,1072,1038,1594,1606,1392,1263,29989,2004,29987,29988,29994,29995,29996,29997,29997,29998,29998,-441]} 1. e4 e5 2. Nf3 Nc6 3. Bb5 g6 4. O-O Bg7 5. c3 a6 6. Ba4 d6 7. d4 Bd7 8. Re1 Nf6 9. h3 O-O 10. Nbd2 Re8 {C60: Ruy Lopez: Unusual Black 3rd moves and 3...g6} 11. Bc2 h6 12. Nf1 b5 13. Ng3 {LiveBook: 4 Games} Na5 (13... exd4 14. cxd4 Nb4 15. Bb1 c5 16. d5 a5 17. a3 Na6 18. Bf4 {1-0 (57) Ivanchuk,V (2726)-Mamedyarov,S (2799) Huaian 2017}) 14. b3 $146 ({Predecessor:} 14. Nh2 c5 15. d5 b4 16. cxb4 cxb4 17. b3 Nb7 18. Be3 Kh7 {0-1 (34) Elgersma,S (2257)-Hundack,R (2085) Germany 2017}) 14... Nh7 15. dxe5 (15. Be3 $16) 15... dxe5 $11 16. Be3 h5 17. Qe2 Qe7 18. Red1 Nb7 19. a4 Bc6 20. axb5 axb5 21. Bd3 h4 22. Nf1 $36 {[%cal Bg3f1,Bf1d2,Bd2b3][%mdl 2080] White has good play.} (22. Bxb5 $2 Bxb5 23. Qxb5 Rxa1 $19) 22... Rxa1 23. Rxa1 Rd8 24. b4 f5 (24... Nd6 $14) 25. N1d2 (25. exf5 Rxd3 26. Nxh4 (26. Qxd3 e4 $14) (26. fxg6 Nf8 $14) 26... Qxh4 $14) 25... Qd7 26. Ra6 {Hoping for Bc4+!} f4 27. Ba7 Nd6 ({Better is} 27... g5) 28. Bc2 $16 Bf6 {[#]} 29. Nb3 $1 Nb7 30. Bc5 Kg7 31. Ra1 (31. Na5 $18 {and White stays clearly on top.} Nxa5 32. bxa5 (32. Rxa5 Ng5 $14)) 31... Qe6 32. Ra7 Nf8 33. Na5 Nxa5 34. Rxc7+ (34. Rxa5 Nd7 $11) 34... Nd7 $2 {[%mdl 8192]} (34... Rd7 $16 {is a better chance.} 35. Bxf8+ Kxf8 36. Rxd7 Qxd7 37. bxa5 Qd8) 35. bxa5 $18 Ra8 $2 (35... Kh8) 36. Qd1 Bd8 37. Bb3 Bxc7 38. Bxe6 Nxc5 39. Bd5 Rd8 40. Qa1 Bxd5 41. exd5 Kf6 42. a6 Ra8 43. a7 Bb6 44. Qb1 Rxa7 45. Qxb5 Nd7 46. Nd2 Kf5 47. Qc6 Kg5 48. Ne4+ Kf5 49. Nd2 Kg5 50. Qe6 Kh6 51. Ne4 Ra1+ 52. Kh2 {White wants to mate with Qg8.} Re1 53. Qg4 (53. Qxd7 Rxe4 54. Qf7 Bxf2 $11) (53. Nd6 Bxf2 54. g4 (54. Nf7+ $2 Kg7 $19) (54. Nf5+ $2 Kg5 $19) 54... Bg3+ 55. Kg2 Re2+ 56. Kh1 Re1+ 57. Kg2 Re2+ 58. Kh1 Re1+ 59. Kg2 $11) 53... Rxe4 54. Qxh4+ ({And not} 54. Qxd7 Bxf2 55. g4 hxg3+ 56. Kg2 Re3 $11) 54... Kg7 55. Qe7+ Kh6 56. Qh4+ ({Not} 56. Qxd7 Bxf2 57. h4 Bxh4 $16) 56... Kg7 {...Nf6 is the strong threat.} 57. f3 Re2 58. Qe7+ Kh6 59. Qh4+ Kg7 {White must now prevent ...Nf6.} 60. Qe7+ Kh6 61. Qxd7 {[%mdl 4096] Endgame KQ-KRB} Bf2 {[#]} 62. h4 $1 Bxh4 63. Qh3 g5 64. Qe6+ Kh5 65. Qf7+ Kh6 66. Kh3 {White mates.} e4 67. Kg4 exf3 68. Kf5 {[%csl Gf5][%cal Rf7g6]} Re5+ 69. Kxe5 fxg2 70. Ke4 $4 {[%mdl 40960] Precision: White = 63%, Black = 45%. . Sensor Board Error (Ke4/e5)?} (70. Kf5 {and all is fine.} g1=Q 71. Qg6#) 1-0

[Event "Yingmei CHN-chT 2018"]
[Site "Jiaxing"]
[Date "2018.07.11"]
[Round "9"]
[White "Li, Chao b"]
[Black "Xu, Minghui"]
[Result "1-0"]
[WhiteElo "2715"]
[BlackElo "2334"]
[Annotator "TA"]
[PlyCount "89"]
[EventDate "2018.07.09"]
[EventType "team-tourn"]
[EventCountry "CHN"]
[SourceTitle "playchess.com"]
[Source "ChessBase"]
[SourceQuality "1"]

{[%evp 22,89,9,0,25,-8,0,0,-2,0,0,-12,12,15,8,3,18,14,8,0,8,8,8,0,26,0,91,98,118,72,118,133,172,173,172,173,185,162,184,158,194,210,221,216,272,250,270,281,262,276,320,327,310,304,496,485,501,498,498,484,467,421,539,397,879,832,2168,1727,12835,12836]} 1. e4 e5 2. Nf3 Nc6 3. Bb5 a6 4. Ba4 Nf6 5. O-O Be7 6. Re1 b5 7. Bb3 O-O 8. a4 b4 9. d4 d6 10. dxe5 Nxe5 11. Nxe5 dxe5 12. Bg5 {LiveBook: 11 Games} Bc5 {Strongly threatening ...Bxf2+! C88: Closed Ruy Lopez: Anti-Marshall Systems} (12... h6 13. Bxf6 Bxf6 14. Nd2 Qe7 15. Bc4 Bg5 16. Nb3 Kh8 17. Qe2 g6 18. Na5 Qf6 19. Qf3 Qxf3 20. gxf3 {½-½ (51) Stojanovic,D (2503)-Fressinet,L (2708) Tromsoe 2014}) 13. Qf3 Bg4 14. Bxf6 Qxf6 {The position is equal.} 15. Qxf6 gxf6 16. h3 $146 ({Predecessor:} 16. Nd2 Rfd8 17. Nf1 Bd4 18. Rab1 Rd6 19. Ng3 Rad8 20. h3 {0-1 (63) Jansa,V (2460)-Smagin,S (2550) Copenhagen 1992}) 16... Be6 17. Nd2 Rfd8 18. Red1 Rd4 19. Bxe6 fxe6 20. Kf1 Kf8 21. Nb3 $36 {[%mdl 2048] White has good play.} Rc4 22. Rd2 Bd4 23. Rb1 Ke7 (23... h5 $11) 24. Rbd1 $16 Rb8 25. h4 h5 26. Nxd4 Rxd4 27. Rxd4 exd4 28. Rxd4 {[%mdl 4096] Endgame KR-KR} c5 29. Rd1 c4 30. Ke2 Rc8 31. Rd4 Rc5 32. Ke3 a5 {[#]} 33. c3 $1 bxc3 34. bxc3 Rc8 35. g3 {[%cal Bg2g3,Bg3g4][%mdl 32]} Rc7 36. f3 Rc8 37. g4 Rh8 $2 {[#]} (37... hxg4 38. fxg4 Rh8) 38. e5 $18 fxe5 39. Rxc4 hxg4 40. Rxg4 Kf6 41. c4 {[%cal Bc3c4,Bc4c5,Bc5c6,Bc6c7][%mdl 32]} Rb8 42. h5 Rb1 $2 (42... Rb2 43. c5 Rb3+ 44. Kf2 Rb2+ 45. Kg3 Rb7) 43. c5 {White is clearly winning.} Rh1 44. c6 Rxh5 45. c7 {Precision: White = 63%, Black = 13%.} 1-0

[Event "Yingmei CHN-chT 2018"]
[Site "Jiaxing"]
[Date "2018.07.11"]
[Round "9"]
[White "Cheparinov, Ivan"]
[Black "Bai, Jinshi"]
[Result "1/2-1/2"]
[WhiteElo "2705"]
[BlackElo "2579"]
[Annotator "TA"]
[PlyCount "66"]
[EventDate "2018.07.09"]
[EventType "team-tourn"]
[EventCountry "CHN"]
[SourceTitle "playchess.com"]
[Source "ChessBase"]
[SourceQuality "1"]

{[%evp 18,66,20,21,30,30,30,29,30,30,30,30,30,30,30,30,30,30,45,38,30,30,45,45,70,53,59,43,53,0,0,0,25,25,33,33,77,66,104,0,59,59,59,59,59,59,59,0,0,0,0]} 1. Nf3 Nf6 2. c4 g6 3. Nc3 d5 4. cxd5 Nxd5 5. e4 Nxc3 6. dxc3 Qxd1+ 7. Kxd1 f6 8. h4 {A16: Englische Eröffnung} (8. Be3 e5 9. Nd2 Nd7 10. Nb3 h5 11. f3 Nb6 12. Kc2 Bd7 13. Nc5 Bc6 14. b3 Bh6 15. Bxh6 Rxh6 16. a4 Ke7 17. Bb5 {½-½ (38) So,W (2778)-Aronian,L (2764) Leuven 2018}) 8... e5 9. h5 g5 10. Be3 {LiveBook: 5 Partien} Be6 11. Nd2 Nd7 12. Bc4 Kf7 13. Kc2 $146 ({Vorgänger:} 13. Ke2 a5 14. Rhd1 a4 15. Bxe6+ Kxe6 {1-0 (45) Bjerre,J (2367)-Yoo,C (2254) Caleta 2018}) 13... Bc5 14. Bxe6+ Kxe6 15. Nf1 Rad8 16. Rd1 Bxe3 17. Nxe3 Nb6 18. b4 Nc8 19. a4 Ne7 20. g4 a6 21. Nc4 Nc8 22. f3 Nd6 23. Na5 (23. Ne3 $14) 23... b6 $11 24. Nc6 Ra8 25. Kb3 Nb7 26. a5 b5 {[#]} 27. c4 $1 Nd6 {[#]} 28. c5 (28. cxb5 $1 $16 {Und weiter mit b6 wäre nett.} Nxb5 29. Rhe1) 28... Nf7 (28... Kd7 $1 $11) 29. Rd5 $1 $14 {Schwarz muss nun Thd1 beachten.} Nd8 30. Nxd8+ Rhxd8 31. Rhd1 Ke7 $1 32. Rxd8 (32. Kc3 $14) 32... Rxd8 $11 33. Rxd8 Kxd8 {Precision: Weiß = 81%, Schwarz = 56%.} 1/2-1/2

[Event "Yingmei CHN-chT 2018"]
[Site "Jiaxing"]
[Date "2018.07.11"]
[Round "9"]
[White "Andreikin, Dmitry"]
[Black "Zhao, Jun"]
[Result "1/2-1/2"]
[WhiteElo "2702"]
[BlackElo "2602"]
[Annotator "TA"]
[PlyCount "57"]
[EventDate "2018.07.09"]
[EventType "team-tourn"]
[EventCountry "CHN"]
[SourceTitle "playchess.com"]
[Source "ChessBase"]
[SourceQuality "1"]

{[%evp 15,57,-6,1,0,14,18,54,59,63,60,58,58,50,60,119,0,0,0,0,0,0,0,0,0,0,0,0,0,0,-13,9,9,9,9,6,7,10,0,13,0,0,0,0,0]} 1. e4 c5 2. Nc3 d6 3. d4 cxd4 4. Qxd4 Nc6 5. Qd2 Nf6 6. b3 {B23: Closed Sicilian: Lines without g3} e6 7. Bb2 Be7 (7... a6 8. O-O-O b5 9. f3 h5 10. Nh3 Be7 11. Ng5 {1-0 (31) Carlsen,M (2843)-Wojtaszek,R (2744) Shamkir 2018}) 8. O-O-O a6 {LiveBook: 3 Games} 9. Kb1 $146 ({Predecessor:} 9. f3 b5 10. Kb1 Bb7 11. g4 {½-½ (44) Lagarde,M (2604)-Donchenko,A (2587) Brest 2018}) 9... O-O 10. g4 {[%cal Bg2g4,Bg4g5][%mdl 32]} d5 11. exd5 exd5 12. g5 Ne4 13. Nxe4 dxe4 14. Qe1 Bb4 (14... Qa5 $14) 15. Rxd8 (15. c3 $16 Bd6 {[#]} 16. Ba3 $1 {[%mdl 512]} Bxa3 17. Rxd8 Rxd8 18. Ne2) 15... Bxe1 $11 {The position is equal.} 16. Rxf8+ Kxf8 17. Bg2 Bf5 18. Ba3+ Kg8 19. Bc5 Bd2 20. Ne2 Bg4 21. Ng3 Bf3 22. Rg1 Bxg2 23. Rxg2 Bxg5 24. Nf5 Bf6 25. Nh6+ Kh8 26. Nxf7+ Kg8 27. Nh6+ Kh8 28. Nf7+ Kg8 29. Nh6+ {Precision: White = 80%, Black = 43%.} 1/2-1/2

[Event "Yingmei CHN-chT 2018"]
[Site "Jiaxing"]
[Date "2018.07.11"]
[Round "9"]
[White "Malakhov, Vladimir"]
[Black "Li, Shilong"]
[Result "1/2-1/2"]
[WhiteElo "2691"]
[BlackElo "2525"]
[Annotator "TA"]
[PlyCount "118"]
[EventDate "2018.07.09"]
[EventType "team-tourn"]
[EventCountry "CHN"]
[SourceTitle "playchess.com"]
[Source "ChessBase"]
[SourceQuality "1"]

{[%evp 18,118,-27,-21,-8,-24,0,-7,17,0,1,0,34,0,-11,-12,0,-14,27,0,12,-110,-60,-77,-74,-68,-62,-69,-76,-68,-54,-58,-58,-58,-50,-49,-11,-10,0,-11,0,0,-5,-36,0,-22,-16,-43,-43,-50,-51,-61,-80,-83,-49,-52,-52,-50,-43,-36,-32,-64,-68,-110,-102,-102,-76,-68,-66,-81,-64,-55,-32,-50,0,0,0,-76,0,0,0,-82,-82,-82,-82,-84,-84,-104,-29,-29,-27,-27,-28,-29,-29,-47,-25,-25,0,-43,0,-27,0]} 1. Nf3 Nf6 2. g3 g6 3. b3 Bg7 4. Bb2 O-O 5. Bg2 c5 6. O-O d5 7. c4 d4 8. b4 Nfd7 9. bxc5 {A05: Réti Opening: 1 Nf3 Nf6} Nxc5 10. d3 {LiveBook: 9 Games} Bd7 $146 ({Predecessor:} 10... Nc6 11. Ba3 Qa5 12. Bxc5 Qxc5 13. Nbd2 Rb8 14. Rb1 {½-½ (33) Fressinet,L (2692)-Fier,A (2624) Drancy 2016}) 11. Nbd2 {The position is equal.} Ba4 12. Nb3 {[%cal Rb2d4]} Nc6 13. Nfd2 Rc8 14. Ba3 Nd7 15. Rb1 b6 16. e4 dxe3 17. fxe3 Nce5 18. Qe2 Bc6 19. e4 (19. d4 $11 {remains equal.}) 19... b5 20. c5 {[#]} b4 $1 {[%cal Rb4a3]} 21. Bxb4 Bb5 22. Nc4 Nc6 23. Ba3 Nd4 24. Nxd4 Bxd4+ 25. Kh1 $1 a6 26. Bh3 Bxc5 27. Bb2 e6 28. Na3 {[%cal Bc4a3,Ba3c2,Bc2d4,Bd4b3][%mdl 32]} Bc6 29. Nc2 Qe7 30. Nd4 Ba8 (30... Bxd4 $5 31. Bxd4 Qd6 $11) 31. Bg2 e5 32. Nb3 Ba3 33. Ba1 Bc6 34. Qe3 Bb5 $36 {[%mdl 2048] Black is in control.} 35. Rf2 Nc5 36. d4 $1 Nxb3 37. Qxb3 exd4 38. Bxd4 Bc5 39. Bxc5 Rxc5 40. a4 Bc6 41. Re1 Re5 42. Qc4 Bb7 43. h4 a5 44. Kh2 Rc8 45. Qb3 Ba6 46. Qb6 Bb7 47. Rb1 (47. Qb3 $11) 47... Rc7 ({Black should play} 47... Bxe4 $17 48. Qa6 Qc5) 48. Rb5 $11 Rxb5 49. Qxb5 (49. axb5 $11 a4 50. Ra2) 49... Rc5 $17 50. Qb6 {[#]} Bc6 $1 51. Rd2 Kg7 52. Rf2 Bxa4 (52... Qe5 $17 53. Qb3 Be8) 53. Ra2 $1 $11 {Hoping for Qb2+.} Bc6 {aiming for ...Qe5.} 54. Rxa5 Rc2 {( -> ...Qxe4)} 55. Qd4+ Kg8 56. Kg1 Rc1+ 57. Kh2 Rc2 58. Kg1 Rc1+ 59. Kh2 Rc2 {Precision: White = 50%, Black = 42%.} 1/2-1/2

[Event "Yingmei CHN-chT 2018"]
[Site "Jiaxing"]
[Date "2018.07.11"]
[Round "9"]
[White "Wang, Yue"]
[Black "Zhao, Chenxi"]
[Result "1-0"]
[WhiteElo "2686"]
[BlackElo "2300"]
[Annotator "TA"]
[PlyCount "193"]
[EventDate "2018.07.09"]
[EventType "team-tourn"]
[EventCountry "CHN"]
[SourceTitle "playchess.com"]
[Source "ChessBase"]
[SourceQuality "1"]

{[%evp 15,193,-1,5,-7,-4,8,4,10,6,11,11,7,10,0,37,5,9,-10,42,3,19,11,51,48,78,70,76,74,74,12,72,-49,-53,-186,-183,-183,-168,-162,-160,-197,-193,-160,-140,-253,0,-163,0,0,0,0,0,0,0,-38,-36,-50,-32,-16,1,14,19,0,0,0,45,43,83,0,0,0,0,0,0,0,0,0,0,0,0,0,0,0,0,0,0,0,0,0,0,0,0,0,0,0,0,0,0,0,0,0,0,0,0,0,0,0,0,0,0,0,0,0,0,0,0,0,0,0,0,0,0,0,0,0,0,0,0,0,0,0,0,0,0,0,0,0,0,0,0,0,0,0,0,0,0,0,0,0,437,437,29968,29972,29972,29973,29973,29974,29974,29974,29974,29975,29974,29976,29976,29977,29980,29981,29981,29982,29984,29985,29984,29983,29984,29985,29991,29992,29992,29991,29991,29989]} 1. d4 Nf6 2. c4 e6 3. g3 d5 4. Bg2 Be7 5. Nf3 O-O 6. Qc2 dxc4 7. Qxc4 a6 {E06: Closed Catalan: Early deviations} 8. Ne5 (8. Qc2 c5 9. dxc5 Qa5+ 10. Bd2 Qxc5 11. Qxc5 Bxc5 12. Ne5 Nbd7 13. Nd3 Bd4 14. Bb4 Re8 15. Nd2 Ne5 16. Nxe5 Bxb2 {1-0 (115) Harikrishna,P (2755)-Aravindh,C (2500) Gibraltar 2016}) 8... Nbd7 {LiveBook: 3 Games} 9. Bf4 $146 ({Predecessor:} 9. Nxd7 Qxd7 10. O-O Rd8 11. Nc3 Nd5 12. Qb3 b6 13. Nxd5 exd5 14. Bf4 Bb7 15. Rac1 {1-0 (41) Sivuk,V (2540)-Surendran,N (2119) Chennai 2017}) 9... Nb6 {The position is equal.} 10. Qd3 Nbd5 11. O-O Nxf4 12. gxf4 Nd5 13. e3 f6 14. Nf3 b5 15. Nc3 Bb7 16. Rfc1 Rc8 ({Black should try} 16... Nxc3 $11 17. Qxc3 Rc8) 17. a4 Nb4 18. Qe2 bxa4 19. Nxa4 Be4 20. Nc5 Bxc5 $1 21. Rxc5 Rb8 22. Qc4 ({White should play} 22. Ne1 $16 f5 23. Rac1) 22... Nd5 (22... Bd5 $11 23. Qe2 Qd7) 23. Bh3 (23. b3 $16) 23... Qe8 $15 24. Ne1 (24. Nh4 $15) 24... Rxb2 $19 25. Qc1 Qg6+ 26. Kf1 Rb6 27. f3 Bd3+ $1 28. Kf2 Qh5 29. Kg3 (29. Bg2 $17 Bb5 30. Kg1) 29... Qg6+ 30. Kf2 $1 Rfb8 $2 {[#]} (30... Qh6 $19 31. Kg3 Bb5) 31. Bxe6+ $1 $11 {[%mdl 512]} Rxe6 32. Rxd5 Reb6 33. Nxd3 Qxd3 34. f5 Rb2+ 35. Kg3 $1 Qe2 36. Qg1 Qc4 37. Rc5 Qf7 38. Rac1 Qh5 39. h4 h6 40. Qf1 Kh7 41. Qh3 (41. Qxa6 $16 c6 42. Qd3 (42. Qxc6 Re2 $16)) 41... R8b3 42. R5c3 Rb1 43. Qg4 Rxc1 44. Rxc1 Qxg4+ 45. Kxg4 Rxe3 46. Rxc7 {[%mdl 4096] Endgame KR-KR} Rd3 47. Rc4 Rd1 48. Ra4 Kg8 49. h5 Kf7 50. Kf4 Rh1 51. Rxa6 Rh4+ 52. Ke3 Rxh5 53. Ra7+ Kf8 54. Ke4 Rh1 55. Kd5 h5 {[%cal Bh6h5,Bh5h4,Bh4h3][%mdl 32]} 56. Kd6 h4 57. d5 h3 58. Ra8+ Kf7 59. Ra7+ Kf8 60. Ra2 Rf1 61. Ke6 {[%cal Ra2a8]} (61. Kd7 {is interesting.} Kf7 62. d6 Rxf3 63. Kc7 Rc3+ 64. Kd7) 61... Re1+ 62. Kd6 {Hoping for Rh2.} Re3 63. f4 Rf3 64. Kc6 Rxf4 65. d6 {Black must now prevent d7.} Rc4+ $1 ({Avoid the trap} 65... Rxf5 $2 66. Ra8+ Kf7 67. d7 $18) 66. Kd5 Rc3 67. Re2 Rd3+ 68. Kc6 Kf7 69. d7 Rc3+ 70. Kb6 Rd3 71. Kc7 Rc3+ 72. Kd8 Rc1 73. Rh2 Rc3 74. Rd2 Rc1 75. Re2 Rc3 76. Re7+ Kf8 77. Re8+ Kf7 78. Rh8 g5 $1 79. fxg6+ Kxg6 80. Ke7 Re3+ 81. Kd6 Rd3+ $2 {[%mdl 8192]} (81... Kg5 $1 $11) 82. Kc6 $1 $18 Rc3+ (82... f5 $18 83. Rxh3 Rxh3) 83. Kb5 {White mates.} Rd3 84. d8=Q Rxd8 85. Rxd8 {KR-KPP} Kg5 86. Kc4 Kf4 87. Kd3 Kf3 88. Rh8 Kg2 {[#]} 89. Ke2 $1 h2 90. Rg8+ Kh3 {[#]} 91. Kf2 $1 h1=N+ 92. Kf3 {[%cal Rg8h8]} Kh2 93. Rg2+ Kh3 94. Rg6 {[%cal Rg6h6]} Kh2 95. Rxf6 Kg1 96. Rg6+ Kf1 97. Rg2 {Precision: White = 57%, Black = 60%.} 1-0

[Event "Yingmei CHN-chT 2018"]
[Site "Jiaxing"]
[Date "2018.07.11"]
[Round "9"]
[White "Ni, Hua"]
[Black "Zeng, Chongsheng"]
[Result "0-1"]
[WhiteElo "2673"]
[BlackElo "2540"]
[Annotator "ChessBase"]
[PlyCount "133"]
[EventDate "2018.07.09"]
[EventType "team-tourn"]
[EventCountry "CHN"]
[SourceTitle "playchess.com"]
[Source "ChessBase"]
[SourceQuality "1"]
[TimeControl "5400+30"]

1. d4 Nf6 2. c4 e6 3. g3 c5 4. d5 exd5 5. cxd5 b5 6. e4 Nxe4 7. Bg2 Nd6 8. Nf3 Qe7+ 9. Kf1 Na6 10. Bf4 Bb7 11. Nc3 b4 12. Na4 f6 13. Nd2 Kf7 14. Bxd6 Qxd6 15. Nc4 Qc7 16. d6 Bxg2+ 17. Kxg2 Qc6+ 18. Qf3 Qxf3+ 19. Kxf3 h5 20. Rhe1 g5 21. Rad1 g4+ 22. Kg2 Kg6 23. Rd5 Rc8 24. b3 Rh7 25. Nab2 Bh6 26. Nd3 Nb8 27. h4 Nc6 28. Rxc5 Rb8 29. Re4 Rhh8 30. Ne3 Rhe8 31. Rxe8 Rxe8 32. Nd5 Kf7 33. N5xb4 Nxb4 34. Nxb4 Re5 35. Rc7 Ke6 36. Rxa7 Re2 37. Nd3 Kxd6 38. Ra6+ Ke7 39. Ra5 Rd2 40. Nf4 Bxf4 41. gxf4 d5 42. a4 Ke6 43. Ra6+ Kf5 44. a5 g3 45. Rd6 Kg4 46. Kg1 Rd1+ 47. Kg2 Rd2 48. Kg1 Rxf2 49. Rxd5 Rb2 50. Rd1 Ra2 51. b4 Kxh4 52. b5 Rxa5 53. Rb1 f5 54. b6 Ra8 55. b7 Rb8 56. Kg2 Kg4 57. Rb6 h4 58. Rg6+ Kxf4 59. Rb6 Kg4 60. Rg6+ Kh5 61. Rb6 f4 62. Kh3 f3 63. Rb5+ Kg6 64. Rb6+ Kf5 65. Rb5+ Ke6 66. Rb6+ Kd5 67. Rb5+ 0-1